Taylor Swift - Picture To Burn (Lyrics) - Statistics

General Stats
  • This quiz has been taken 18 times
    13 since last reset
  • The average score is 251 of 292
Answer Stats
Answer % Correct
a
100%
and
100%
And
100%
another
100%
burn
100%
Burn,
100%
burn,
100%
crazy
100%
didn't
100%
drive
100%
fantasy
100%
friends
100%
get
100%
go
100%
hate
100%
I
100%
Just
100%
just
100%
let
100%
me
100%
my
100%
My
100%
never
100%
old
100%
perfect
100%
pickup
100%
picture
100%
stupid
100%
Stupid
100%
that
100%
the
100%
to
100%
truck
100%
you
100%
You
100%
your
100%
all
92%
fine,
92%
I'm
92%
obsessive
92%
really
92%
really,
92%
So
92%
tell
92%
That's
92%
You're
92%
you're
92%
As
83%
as
83%
at
83%
be
83%
by
83%
could
83%
ever
83%
if
83%
love
83%
more
83%
redneck
83%
say
83%
State
83%
than
83%
time
83%
Who's
83%
yourself
83%
baby,
75%
Baby,
75%
back
75%
bad
75%
best
75%
daddy's
75%
far
75%
for
75%
gonna
75%
how
75%
lying
75%
mind
75%
no
75%
obvious,
75%
On
75%
realise
75%
show
75%
sorry
75%
strike
75%
wasted
75%
watch
75%
way
75%
with
75%
won't
75%
you'll
75%
around
67%
'Cause
67%
come
67%
concerned
67%
From
67%
going
67%
match
67%
nothing
67%
of
67%
out
67%
There's
67%
better
58%
coming
58%
here
58%
it
58%
sitting
58%
stopping
58%
You'd
58%
health
50%
keep
50%
planning
50%
revenge
50%
saying
50%
Would
50%
heartbreaker
42%
In
42%
missing
42%
tears
42%
case
25%
haven't
25%
heard
25%
No matching quizzes found
Score Distribution
Percent of People with Each Score
Percentile by Number Answered
Your Score History
You have not taken this quiz since the last reset